000 nam a22 7a 4500
999 _c29251
_d29251
008 171123b xxu||||| |||| 00| 0 eng d
020 _a9788189473914
050 _aS 86 .R35 2009
100 _aRajvanshi, Indra
245 _aCommercial crops :
_b cultivation & management/
_cIndra Rajvanshi.
260 _aJaipur :
_bOxford Book Co.,
_c2009.
300 _aviii, 253p,:
_b ill.;
_c 25 cm.
650 _aFarm management
650 _aCrops
650 _aAgriculture
942 _2lcc
_cBOOKS
_hS 86 .R35 2009